[Event "TIPC 2013"]
[Site "Charleroi"]
[Date "2013.07.31"]
[Round "6.14"]
[White "Van Houtte, Thierry"]
[Black "Cornil, Etienne"]
[Result "1-0"]
[LiveChessVersion "1.4-u16"]
[BlackElo "1986"]
[WhiteElo "2174"]

1. e4 d6 2. d4 Nf6 3. Nc3 g6 4. f4 Bg7 5. Nf3 O-O 6. Bd3 Bg4 7. h3 Bxf3 8. Qxf3
Nc6 9. Be3 e5 10. dxe5 dxe5 11. f5 Nd4 12. Qf2 c5 13. O-O b5 14. Nxb5 Nxb5 15.
Bxb5 Nxe4 16. Qf3 Nd2 17. Bxd2 Qxd2 18. Bd3 Rab8 19. Rad1 Qf4 20. b3 Qxf3 21.
Rxf3 Bf6 22. fxg6 fxg6 23. Bc4+ Kh8 24. Rdf1 Kg7 25. Bd5 e4 26. Bxe4 Bd4+ 27. Kh2
Rxf3 28. Rxf3 Rf8 29. Rxf8 Be5+ 30. Kg1 Kxf8 31. Kf2 Kg7 32. Bd3 Kf6 33. Kf3 h6
34. Ke4 g5 35. Kd5 Bd4 36. b4 Be3 37. b5 Ke7 38. Kc6 Ke6 39. a4 Ke5 40. a5 Kd4
41. b6 axb6 42. a6 c4 43. a7 cxd3 44. cxd3 1-0

[Event "TIPC 2013"]
[Site "Charleroi"]
[Date "2013.07.31"]
[Round "6.15"]
[White "Spanoghe, Ivan"]
[Black "Truwant, Pieter"]
[Result "0-1"]
[LiveChessVersion "1.4-u16"]
[BlackElo "1957"]
[WhiteElo "2156"]

1. e4 d6 2. Nc3 Nf6 3. f4 g6 4. Nf3 Bg7 5. g3 O-O 6. Bg2 c5 7. O-O Nc6 8. d3 Nd4
9. h3 Ne8 10. g4 f5 11. exf5 gxf5 12. g5 Nc7 13. Nxd4 cxd4 14. Ne2 Rb8 15. c3
dxc3 16. bxc3 e5 17. Be3 b6 18. h4 Bb7 19. Bxb7 Rxb7 20. Ng3 Ne6 21. fxe5 Rbf7
22. Qb3 d5 23. Bd4 Kh8 24. Rf3 f4 25. Raf1 Qd7 26. Ne2 Nxd4 27. cxd4 Qg4+ 28. Kh2
Qxh4+ 29. Rh3 Qg4 30. Rff3 Rf5 31. g6 Rh5 32. Ng1 Rc8 33. Rxh5 Qxh5+ 34. Rh3 Qxg6
35. Qxd5 Bh6 36. Qg2 Qe6 37. d5 Qxe5 38. Rxh6 f3+ 39. Qg3 Rc2+ 40. Kh3 Qf5+ 41.
Kh4 Rg2 42. Qxf3 Rh2+ 43. Kg3 Qxf3+ 44. Kxf3 Rxh6 45. Ke4 Kg7 46. Ke5 Kf7 47. Nf3
Ke7 48. Nd4 Rh5+ 49. Ke4 Rh4+ 50. Ke5 Rxd4 0-1

[Event "TIPC 2013"]
[Site "Charleroi"]
[Date "2013.07.31"]
[Round "6.17"]
[White "Willockx, Ritsaart"]
[Black "Uhoda, Philippe"]
[Result "1/2-1/2"]
[LiveChessVersion "1.4-u16"]
[BlackElo "2117"]
[WhiteElo "1965"]

1. d4 Nf6 2. c4 g6 3. Nc3 Bg7 4. e4 d6 5. f3 O-O 6. Be3 c5 7. dxc5 dxc5 8. Qxd8
Rxd8 9. Bxc5 Nc6 10. Nd5 Nd7 11. Bxe7 Nxe7 12. Nxe7+ Kf8 13. Nd5 Bxb2 14. Rb1 Bg7
15. Nh3 Nc5 16. Nf2 Be6 17. Nd3 Rac8 18. Kf2 f5 19. Nxc5 Rxc5 20. Rxb7 Ra5 21.
Bd3 Rxa2+ 22. Kg3 f4+ 23. Kxf4 Rxg2 24. Ke3 Ra2 25. h4 Bc8 26. Rbb1 Be5 27. f4
Bd6 28. Kd4 Ra5 29. h5 Bc5+ 30. Kc3 Kg7 31. hxg6 hxg6 32. Rh2 Ra3+ 33. Rb3 Rxb3+
34. Kxb3 Be6 35. Rg2 Rb8+ 36. Ka2 Kf7 37. f5 gxf5 38. exf5 Bxd5 39. cxd5 Bd4 40.
d6 Rd8 41. Bc4+ Kf6 1/2-1/2

[Event "TIPC 2013"]
[Site "Charleroi"]
[Date "2013.07.31"]
[Round "6.18"]
[White "Desinte, David"]
[Black "Henris, Luc"]
[Result "1/2-1/2"]
[LiveChessVersion "1.4-u16"]
[BlackElo "2170"]
[WhiteElo "1860"]

1. e4 e5 2. f4 exf4 3. Nf3 d6 4. Bc4 h6 5. d3 g5 6. g3 fxg3 7. hxg3 Bg7 8. Nc3
Be6 9. Bxe6 fxe6 10. Nxg5 Qf6 11. Qh5+ Ke7 12. Nh3 Qf7 13. Qe2 Nc6 14. Be3 Nd4
15. Bxd4 Bxd4 16. O-O-O Qg7 17. Nf4 Rf8 18. Rdf1 Kd7 19. Rf3 Ne7 20. Nd1 e5 21.
Nh5 Qg5+ 22. Kb1 Qg4 23. Rf2 Qxe2 24. Rxe2 Rhg8 25. c3 Bb6 26. Ne3 c6 27. Rf1
Bxe3 28. Rxf8 Rxf8 29. Rxe3 Rf1+ 30. Kc2 Ke6 31. g4 Rf2+ 32. Kc1 Ng6 33. Ng7+ Kf6
34. Nf5 Kg5 35. Nxd6 Kxg4 36. Nf5 Nf4 37. Rg3+ Kh5 38. Ng7+ Kh4 39. Nf5+ 1/2-1/2

[Event "TIPC 2013"]
[Site "Charleroi"]
[Date "2013.07.31"]
[Round "6.19"]
[White "Remy, Joël"]
[Black "Charlier, Laurent"]
[Result "1-0"]
[LiveChessVersion "1.4-u16"]
[BlackElo "1881"]
[WhiteElo "2068"]

1. d4 Nf6 2. Nf3 c5 3. d5 e6 4. c4 b5 5. dxe6 fxe6 6. cxb5 d5 7. Bf4 Qa5+ 8. Qd2
Qxb5 9. e4 Qb6 10. exd5 exd5 11. Nc3 Bb7 12. Bb5+ Nbd7 13. Bxd7+ Kxd7 14. Ne5+
Kc8 15. O-O Bd6 16. Qd3 g6 17. Nb5 Bb8 18. Qh3+ Kd8 19. Nf7+ Ke8 20. Nbd6+ Kf8
21. Bh6+ Kg8 22. Qe6 1-0

[Event "TIPC 2013"]
[Site "Charleroi"]
[Date "2013.07.31"]
[Round "6.20"]
[White "Ramacker, Quentin"]
[Black "Werner, Guy"]
[Result "1/2-1/2"]
[LiveChessVersion "1.4-u16"]
[BlackElo "1764"]
[WhiteElo "1833"]

1. e4 c5 2. Nf3 Nc6 3. d4 cxd4 4. Nxd4 e5 5. Nb5 a6 6. Nd6+ Bxd6 7. Qxd6 Qf6 8.
Qc7 Nge7 9. Nc3 Nb4 10. Bd3 O-O 11. O-O d5 12. Qc5 Nxd3 13. cxd3 d4 14. Ne2 g5
15. h4 h6 16. hxg5 hxg5 17. Bxg5 Qxg5 18. f4 b6 19. Qxc8 Raxc8 20. fxg5 Rc2 21.
Ng3 Rxb2 22. Nh5 Rc8 23. Nf6+ Kg7 24. Rf2 Rxf2 25. Kxf2 Rc2+ 26. Kg1 b5 27. Ng4
Nc6 28. Nh6 b4 29. Rf1 Nd8 30. Ng4 Rxa2 31. Nxe5 Ra5 32. Nf3 b3 33. Rb1 Nc6 34.
Rxb3 Rb5 35. Rxb5 axb5 36. Nd2 Na5 37. Kf1 Kg6 38. Nf3 Nc6 39. Ke1 Kh5 40. Nd2
Kxg5 41. Nb3 Kg4 42. Ke2 Kg3 43. Kf1 Kf4 44. Kf2 Ke5 45. Ke2 Nd8 46. g3 Ne6 47.
Kd2 Kf6 48. Ke2 Kg6 49. Kf3 Kg5 50. g4 Kf6 51. Kg3 Ke5 52. Kf3 b4 53. Nd2 Nc5 54.
Nc4+ Kf6 55. Nb2 b3 56. Kf4 Ne6+ 57. Kg3 Kg5 58. Kf3 Kf6 59. Nc4 Ke7 60. Ke2 Nc5
61. Nb2 Ke6 62. g5 Ke7 63. Kf3 Ke6 64. Kf4 Nd7 65. Nc4 Nf8 66. Nb2 Ng6+ 67. Kg4
Ne5+ 68. Kf4 Nc6 69. Na4 Na5 70. e5 Kd5 71. Kf5 Nc6 72. Nb2 Nxe5 73. Kf6 Nf3 74.
Kf5 Kc6 75. Ke4 Nxg5+ 76. Kxd4 f5 77. Kc3 Kd5 78. Kxb3 Kd4 79. Kc2 Ke3 80. Nd1+
Ke2 81. Nc3+ Ke1 82. Nd5 Ne6 83. d4 Ke2 84. Nc3+ Ke3 85. d5 Nd4+ 86. Kd1 Kd3 87.
Nb1 f4 88. Nd2 Ke3 89. d6 Ne6 90. d7 f3 1/2-1/2

[Event "TIPC 2013"]
[Site "Charleroi"]
[Date "2013.08.01"]
[Round "7.1"]
[White "Kveinys, Aloyzas"]
[Black "Ringoir, Tanguy"]
[Result "1/2-1/2"]
[LiveChessVersion "1.4-u16"]
[BlackElo "2471"]
[WhiteElo "2479"]

1. d4  f5  2. g3  Nf6
 3. Bg2  g6  4. c3
 Bg7  5. Qb3  c6 
6. Nd2  Qb6  7. Nc4  Qxb3
 8. axb3  Na6  9. Nh3
 Nc7  10. Nf4  O-O
 11. O-O  d6  12. f3
 g5  13. Nd3  g4 
14. Bg5  gxf3  15. exf3  Bd7
 16. Rfe1  Rfe8  17. Nf4
 Nfd5  18. Nd3  1/2-1/2

[Event "TIPC 2013"]
[Site "Charleroi"]
[Date "2013.08.01"]
[Round "7.4"]
[White "Hautot, Stéphane"]
[Black "Tomov, Georgi"]
[Result "1/2-1/2"]
[LiveChessVersion "1.4-u16"]
[BlackElo "2301"]
[WhiteElo "2366"]

1. d4  Nf6  2. Nf3  e6
 3. c4  d5  4. g3
 Bb4+  5. Bd2  Bd6
 6. Nc3  c6  7. Bg2
 Nbd7  8. c5  Bb8
 9. Bf4  Qe7  10. Bxb8
 Rxb8  11. O-O  O-O
 12. Qa4  a6  13. e3
 e5  14. Nxe5  Nxe5
 15. dxe5  Ng4  16. Qd4
 Qxe5  17. h3  Qxd4
 18. exd4  Nf6  19. g4
 h5  20. f3  Bd7 
21. Rfe1  Rfe8  22. Kf2  Rxe1
 23. Rxe1  Re8  24. Rxe8+
 Nxe8  25. b4  g5
 26. Ke3  Nc7  27. Bf1
 Ne6  28. Ne2  Ng7
 29. Ng3  h4  30. Ne2
 f5  31. Nc3  Ne6
 32. Ne2  Kf7  33. a4 1/2-1/2

[Event "TIPC 2013"]
[Site "Charleroi"]
[Date "2013.08.01"]
[Round "7.7"]
[White "Vandevoort, Pascal"]
[Black "Dinev, Dimiter"]
[Result "1-0"]
[LiveChessVersion "1.4-u16"]
[BlackElo "1915"]
[WhiteElo "2384"]

1. d4  Nf6  2. c4  e6
 3. Nc3  Bb4  4. e3
 O-O  5. Nge2  b6
 6. a3  Be7  7. d5
 e5  8. g3  d6 
9. Bg2  Bg4  10. h3  Bd7
 11. O-O  a5  12. b3
 Ne8  13. e4  g6 
14. Bh6  Ng7  15. Qd2  f5
 16. Rab1  Rf7  17. Nc1
 Nh5  18. exf5  gxf5
 19. Qe2  Ng7  20. Bd2
 Bf6  21. Nd3  Be8
 22. f4  e4  23. Nf2
 Re7  24. Ncd1  Nd7
 25. Be3  Bg6  26. g4
 Bh4  27. Nc3  Bxf2+
 28. Rxf2  Ne8  29. Nb5
 Nc5  30. Nd4  Qd7
 31. Bf1  Ng7  32. Rg2
 Kf8  33. Qd1  Rae8
 34. Be2  Rf7  35. g5
 Rc8  36. h4  Re7
 37. h5  Bf7  38. h6
 Ne8 39. Nxf5 Bg6  40. Nxe7  Qxe7
 41. Bg4  Rd8  42. Qd4
 1-0

[Event "TIPC 2013"]
[Site "Charleroi"]
[Date "2013.08.01"]
[Round "7.10"]
[White "Noiroux, Kevin"]
[Black "Edwards, Geraint"]
[Result "0-1"]
[LiveChessVersion "1.4-u16"]
[BlackElo "2023"]
[WhiteElo "2243"]

1. d4 Nf6 2. Nf3 g6 3. Nc3 Bg7 4. e4 d6 5. Be2 Nc6 6. d5 Nb8 7. O-O O-O 8. h3 e5
9. dxe6 Bxe6 10. Nd4 Bd7 11. f4 Re8 12. Bf3 Nc6 13. Be3 Nxd4 14. Bxd4 c5 15. Bxf6
Qxf6 16. e5 Qxf4 17. Bxb7 Qe3+ 18. Kh1 Bxe5 19. Rf3 Qh6 20. Bxa8 Rxa8 21. Qd5 Rf8
22. Ne4 Be6 23. Qc6 Rc8 24. Qb7 Qh4 25. Raf1 f5 26. Nc3 Rf8 27. Qxa7 Qc4 28. Re1
Qh4 29. Rxe5 dxe5 30. Qxc5 e4 31. Rf1 f4 32. Nxe4 Bxh3 33. Qf2 Bxg2+ 34. Kxg2 f3+
35. Kg1 Qxe4 36. Re1 Qg4+ 37. Kf1 Qc4+ 38. Kg1 Rf5 39. Re8+ Kf7 40. Re3 Rg5+ 41.
Kh2 Rh5+ 42. Kg3 Qh4+ 43. Kxf3 Rf5+ 0-1

[Event "TIPC 2013"]
[Site "Charleroi"]
[Date "2013.08.01"]
[Round "7.11"]
[White "Bomans, Arno"]
[Black "De Strycker, Nathan"]
[Result "1/2-1/2"]
[LiveChessVersion "1.4-u16"]
[BlackElo "2033"]
[WhiteElo "2204"]

1. d4 Nf6 2. c4 g6 3. f3 Bg7 4. e4 d6 5. Nc3 O-O 6. Be3 Nc6 7. Nge2 a6 8. Qd2 Na5
9. Nc1 Nd7 10. Be2 c5 11. d5 b5 12. cxb5 Nb6 13. b3 e6 14. Rb1 1/2-1/2

[Event "TIPC 2013"]
[Site "Charleroi"]
[Date "2013.08.01"]
[Round "7.12"]
[White "Degembe, Pierre"]
[Black "Dal Borgo, Albin"]
[Result "0-1"]
[LiveChessVersion "1.4-u16"]
[BlackElo "2203"]
[WhiteElo "2018"]

1. c4 e5 2. g3 Nf6 3. Bg2 c6 4. d4 exd4 5. Qxd4 Na6 6. Nf3 Nb4 7. Na3 d5 8. O-O
Be7 9. cxd5 Qxd5 10. Qxd5 Nfxd5 11. e4 Nb6 12. Be3 O-O 13. Nd4 Nd3 14. Rab1 Nxb2
15. Nac2 N6c4 16. Bc1 Nd3 17. a4 Rd8 18. Rb3 Nxc1 19. Rxc1 Na5 20. Rbb1 Bc5 21.
Nb3 Nxb3 22. Rxb3 Rd2 23. Ne3 b6 24. e5 Be6 25. Rbc3 Rc8 26. R1c2 Bxe3 27. fxe3
Rxc2 28. Rxc2 c5 0-1

[Event "TIPC 2013"]
[Site "Charleroi"]
[Date "2013.08.01"]
[Round "7.13"]
[White "Minet, Julien"]
[Black "Van Mechelen, Jan"]
[Result "1/2-1/2"]
[LiveChessVersion "1.4-u16"]
[BlackElo "2188"]
[WhiteElo "1991"]

1. e4 c5 2. Nf3 d6 3. c3 Nf6 4. Bb5+ Bd7 5. Bxd7+ Qxd7 6. d3 g6 7. O-O Nc6 8. Re1
Bg7 9. h3 O-O 10. Be3 b5 11. Qd2 Qb7 12. e5 Nd5 13. exd6 exd6 14. Bh6 Rfe8 15.
Rxe8+ Rxe8 16. Bxg7 Kxg7 17. Na3 Ne5 18. Nxe5 dxe5 19. Qe2 Nf4 20. Qe4 Qd7 21. d4
f5 22. Qf3 c4 23. dxe5 Nd3 24. Rd1 Rxe5 25. Nc2 Qe7 26. Nd4 Re1+ 27. Rxe1 Qxe1+
28. Kh2 Nxf2 29. g4 fxg4 30. hxg4 Qe5+ 31. Kg1 Nd3 32. Qb7+ Kh6 33. Qh1+ Kg7 34.
Qb7+ Kh6 35. Qh1+ Kg7 1/2-1/2

[Event "TIPC 2013"]
[Site "Charleroi"]
[Date "2013.08.01"]
[Round "7.14"]
[White "De Villers, Mourad"]
[Black "Van Melkebeke, Willem"]
[Result "0-1"]
[LiveChessVersion "1.4-u16"]
[BlackElo "1988"]
[WhiteElo "2160"]

1. c4 Nf6 2. g3 c6 3. Nf3 d5 4. Bg2 dxc4 5. O-O Nbd7 6. Na3 Nb6 7. Qc2 Be6 8. Ng5
Bg4 9. Nxc4 Bxe2 10. Ne5 Bh5 11. Re1 h6 12. Ne4 e6 13. Nxf6+ gxf6 14. Nxc6 bxc6
15. Bxc6+ Nd7 16. Qf5 Bg6 17. Rxe6+ Be7 18. Qxf6 Rg8 19. Re1 Kf8 20. Qd4 Nb6 21.
Qc3 Rc8 22. d4 Bg5 23. Qc5+ Kg7 24. d5 Bf6 25. Qe3 Kh8 26. Rd1 Rxc6 0-1

[Event "TIPC 2013"]
[Site "Charleroi"]
[Date "2013.08.01"]
[Round "7.16"]
[White "Van Uytven, Eric"]
[Black "Willockx, Ritsaart"]
[Result "1/2-1/2"]
[LiveChessVersion "1.4-u16"]
[BlackElo "1965"]
[WhiteElo "2134"]

1. d4 d5 2. a3 Nf6 3. Nf3 g6 4. e3 Bg7 5. Be2 O-O 6. O-O Bg4 7. Nbd2 Nbd7 8. c4
c6 9. b3 Ne4 10. Bb2 Ndf6 11. Re1 Qd6 12. h3 1/2-1/2

[Event "TIPC 2013"]
[Site "Charleroi"]
[Date "2013.08.01"]
[Round "7.17"]
[White "Giadrosic, Dinko"]
[Black "Barbier, Wim"]
[Result "1/2-1/2"]
[LiveChessVersion "1.4-u16"]
[BlackElo "2115"]
[WhiteElo "1930"]

1. d4 d6 2. Nf3 Nd7 3. Bf4 g6 4. c3 Bg7 5. e4 e5 6. dxe5 dxe5 7. Bg5 Ngf6 8. Qc2
h6 9. Bh4 O-O 10. Bc4 Qe7 11. Nbd2 c6 12. O-O-O b5 13. Be2 Nc5 14. Nb3 Nxb3+ 15.
axb3 a5 16. Bg3 Nh5 17. Qd2 Qe6 18. Qd6 Nxg3 19. hxg3 a4 20. Qxe6 Bxe6 21. bxa4
bxa4 22. Nd2 a3 23. Bc4 axb2+ 24. Kxb2 Rfb8+ 25. Bb3 h5 26. Ra1 Rxa1 27. Rxa1 Bh6
28. Kc2 Rd8 29. Nf3 Re8 30. Bxe6 Rxe6 1/2-1/2

[Event "TIPC 2013"]
[Site "Charleroi"]
[Date "2013.08.01"]
[Round "7.18"]
[White "Mueller, Martin"]
[Black "Lheureux, Benoît"]
[Result "1-0"]
[LiveChessVersion "1.4-u16"]
[BlackElo "1828"]
[WhiteElo "2100"]

1. d4 Nf6 2. Bg5 Ne4 3. h4 d5 4. Nd2 h6 5. Nxe4 dxe4 6. Bf4 b6 7. e3 Bb7 8. Bb5+
Nd7 9. Ne2 a6 10. Ba4 e6 11. c4 Be7 12. Nc3 O-O 13. g4 Bxh4 14. Bxd7 g5 15. Bg3
Bxg3 16. fxg3 Qxd7 17. Rxh6 Qd6 18. Kd2 Kg7 19. Rh5 Rh8 20. Rxg5+ Kf6 21. Rh5
Qxg3 22. Qh1 Rhf8 23. Rg1 Qf2+ 24. Ne2 Rad8 25. Rf1 Rxd4+ 26. Kc2 Rxc4+ 27. Kb1
1-0

[Event "TIPC 2013"]
[Site "Charleroi"]
[Date "2013.08.01"]
[Round "7.19"]
[White "Dessomme, Francois"]
[Black "Remy, Joël"]
[Result "1/2-1/2"]
[LiveChessVersion "1.4-u16"]
[BlackElo "2068"]
[WhiteElo "1942"]

1. d4 g6 2. Nf3 Bg7 3. e4 d6 4. Nbd2 Nf6 5. Bd3 O-O 6. O-O Nc6 7. c3 e5 8. Re1 a6
9. a4 exd4 10. Nxd4 Ne5 11. Bf1 Re8 12. f4 Ned7 13. g3 Nc5 14. Qc2 Nfxe4 15. Nxe4
d5 16. Nxc5 Rxe1 17. Nf3 Re8 18. Bd2 b6 19. Nb3 Bg4 20. Kf2 Qd7 21. a5 c5 22.
axb6 Qc6 23. b7 Qxb7 24. Nxc5 Qb6 25. b4 a5 26. Re1 Rxe1 27. Bxe1 axb4 28. cxb4
Ra3 29. Ne5 Qa7 1/2-1/2

[Event "TIPC 2013"]
[Site "Charleroi"]
[Date "2013.08.01"]
[Round "7.20"]
[White "Lucifora, Nicolas"]
[Black "Gilles, Jean-Claude"]
[Result "0-1"]
[LiveChessVersion "1.4-u16"]
[BlackElo "1979"]
[WhiteElo "1810"]

1. e4 e5 2. Nf3 Nc6 3. d4 exd4 4. Nxd4 Qh4 5. Nc3 Bb4 6. Ndb5 Ba5 7. Bd3 a6 8.
Na3 b5 9. Nab1 Nf6 10. O-O Ng4 11. h3 h5 12. Qf3 Bb6 13. Nd5 Nd4 14. Qf4 Ne6 15.
Qf3 Ne5 16. Qe2 Nd4 17. Qd1 Nef3+ 18. Kh1 d6 19. Nd2 Bxh3 20. Nxf3 Bxg2+ 0-1

[Event "TIPC 2013"]
[Site "Charleroi"]
[Date "2013.08.02"]
[Round "8.3"]
[White "Eliet, Nicolas"]
[Black "Sarrau, Jelle"]
[Result "1-0"]
[LiveChessVersion "1.4-u16"]
[BlackElo "2309"]
[WhiteElo "2402"]

1. d4  Nf6  2. c4  g6
 3. Nc3  d5  4. Nf3
 Bg7  5. cxd5  Nxd5
 6. Bd2  O-O  7. Rc1
 Nb6  8. Bg5  Bg4
 9. e3  a5  10. Be2
 a4  11. O-O  c6 
12. h3  Be6  13. e4  h6
 14. Bf4  Kh7  15. Re1
 Bc4  16. Bxc4  Nxc4
 17. Nxa4  e5  18. Rxc4
 exf4  19. Rc1  Nd7
 20. a3  Qa5  21. Nc5
 Nxc5 22. Rxc5  Qb6  23. Qc2
 Rfd8  24. e5  Rd5
 25. Rxd5  cxd5  26. Rc1
 Kg8  27. Qd2  g5
 28. Rc5  Bf8  29. Rc3
 Re8  30. Qc2  Re6
 31. b4  Kg7  32. Qf5
 Rc6  33. Rxc6  Qxc6
 34. h4  Qg6  35. Qxg6+
 Kxg6  36. hxg5  hxg5
 37. Nd2  f6  38. exf6
 Kxf6  39. Kf1  Ke6
 40. Ke2  g4  41. Kd3
 b5  42. Nb1  Kd6
 43. Nc3  Kc6  44. f3
 gxf3  45. gxf3  Be7
 46. Ne2  Bg5  47. Kc3
 Bh6  48. Kb3  Bg5
 49. a4  bxa4+  50. Kxa4
 Bf6  51. Ka5  Bd8+
 52. Ka6  Bb6  53. b5+
 Kc7  54. Nxf4  Bxd4
 55. Nxd5+  Kd6  56. Nf4
 Be3  57. Ne2  Kc7
 58. Nc3  Bd4  59. Ne4
 Be3  60. Ka5  Kd7
 61. Ka6  Kc7  62. Ng3
 Bc5  63. Ne2  Be3
 64. f4  Bf2  65. Nc3
 Bd4  66. Ne4  1-0

[Event "TIPC 2013"]
[Site "Charleroi"]
[Date "2013.08.02"]
[Round "8.5"]
[White "Lacroix, Bruno"]
[Black "Hautot, Stéphane"]
[Result "0-1"]
[LiveChessVersion "1.4-u16"]
[BlackElo "2366"]
[WhiteElo "2207"]

1. d4 d5 2. Bf4 Nf6 3. e3 c5 4. c3 Nc6 5. Nd2 e6 6. Ngf3 Bd6 7. Bg3 O-O 8. Bd3 b6
9. Ne5 Ne7 10. f4 Bb7 11. Qf3 Ne8 12. Bh4 f6 13. Qh3 Nf5 14. g4 Nxh4 15. Qxh4 g6
16. Nef3 Be7 17. Qh6 Rf7 18. f5  exf5  19. gxf5
 g5  20. O-O-O  c4
 21. Bc2  b5  22. e4
 dxe4  23. Nxe4  Qc7
 24. Rdf1  Bf8  25. Qh3
 b4  26. Rhg1  h6
 27. Qh5  bxc3  28. Nxc3
 Rb8  29. h4  Rh7
 30. d5  Qf7  31. Qxf7+
 Rxf7  32. b3  Rc8
 33. Kb2  Bb4  34. Nb5
 Bxd5  35. Nbd4  Bc3+
 36. Kb1  Rb7  37. Rg3
 cxb3  38. Bxb3  a5
 0-1

[Event "TIPC 2013"]
[Site "Charleroi"]
[Date "2013.08.02"]
[Round "8.7"]
[White "Van Houtte, Thierry"]
[Black "Dal Borgo, Albin"]
[Result "1/2-1/2"]
[LiveChessVersion "1.4-u16"]
[BlackElo "2203"]
[WhiteElo "2174"]

1. e4  e5  2. Nf3  Nc6
 3. d4  exd4  4. Nxd4
 Qf6  5. Nb5  Bc5
 6. Qe2  Qd8  7. Be3
 Bxe3  8. Qxe3  a6
 9. N5c3  Nge7  10. Nd2
 O-O  11. O-O-O  d6
 12. f4  Bg4  13. Nf3
 b5  14. h3  Bxf3
 15. Qxf3  Qb8  16. Nd5
 Nxd5 17. exd5  Na5  18. Bd3
 Re8  19. Rhe1  Qd8
 20. Rxe8+  Qxe8 21. Qf2 Qd8 22. Rh1 1/2-1/2

[Event "TIPC 2013"]
[Site "Charleroi"]
[Date "2013.08.02"]
[Round "8.8"]
[White "Verspecht, Thierry"]
[Black "Okhotnik, Vladimir"]
[Result "0-1"]
[LiveChessVersion "1.4-u16"]
[BlackElo "2403"]
[WhiteElo "2051"]

1. d4  d6  2. e4  Nf6
 3. Nc3  e5  4. dxe5
 dxe5  5. Qxd8+  Kxd8
 6. Bg5  Be6  7. O-O-O+
 Nbd7  8. Nf3  Kc8
 9. Bxf6  gxf6  10. Nh4
 c6  11. Nf5  Kc7
 12. Be2  b5  13. a3
 a5  14. Ne3  Nc5
 15. Bd3  b4  16. Nb1
 Bh6  17. Kd2  Rhg8
 18. Rhg1  Rgb8  19. Ke2
 bxa3 20. bxa3  Na4  21. Nc4
 Bxc4  22. Bxc4  Nb2
 0-1

[Event "TIPC 2013"]
[Site "Charleroi"]
[Date "2013.08.02"]
[Round "8.9"]
[White "Marte, Sébastien"]
[Black "Mueller, Martin"]
[Result "1/2-1/2"]
[LiveChessVersion "1.4-u16"]
[BlackElo "2100"]
[WhiteElo "2034"]

1. Nf3 d5  2. d4  c6  3. c4
 Nf6  4. Nc3  dxc4
 5. a4  e6  6. e3
 c5  7. Bxc4  Nc6
 8. O-O  cxd4  9. exd4
 Be7  10. Be3  O-O
 11. Qe2  Nb4  12. Rfe1
 Bd7  13. Ne5  Rc8
 14. Rad1  Nfd5  15. Rc1
 Bc6  16. Nxc6  bxc6
 17. Ne4  Qa5  18. b3 Nxe3
 19. Qxe3  Rfd8  20. Red1
 Qb6  21. Nc5  Bf6
 22. a5  Qb8  23. Na6
 Qd6  24. Nxb4  Qxb4
 25. a6  h6  26. Rd3
 Bg5  27. f4  Bf6
 28. Rcd1  Qb6  29. Kh1
 Rd6  30. Qe4  Rcd8
 31. f5  exf5  32. Qxf5
 Qc7  33. d5  c5 
34. Re3  Bd4  35. Re4  Rf6
 36. Qh3  Rf4  37. Rxf4
 Qxf4  38. Qf3 Qxf3  1/2-1/2

[Event "TIPC 2013"]
[Site "Charleroi"]
[Date "2013.08.03"]
[Round "9.1"]
[White "Eliet, Nicolas"]
[Black "Rausis, Igors"]
[Result "1/2-1/2"]
[LiveChessVersion "1.4-u16"]
[BlackElo "2545"]
[WhiteElo "2402"]

1. d4  d5  2. c4  c6
 3. cxd5  cxd5  4. Nc3
 Nc6  5. Nf3  Nf6
 6. Bf4  Bf5  7. e3
 e6  8. Bd3  Bxd3
 9. Qxd3  Bd6  10. Bxd6
 Qxd6  11. O-O  O-O
 12. Rac1 Nb8 1/2-1/2

[Event "TIPC 2013"]
[Site "Charleroi"]
[Date "2013.08.03"]
[Round "9.3"]
[White "Ringoir, Tanguy"]
[Black "Tomov, Georgi"]
[Result "1-0"]
[LiveChessVersion "1.4-u16"]
[BlackElo "2301"]
[WhiteElo "2471"]

1. d4  d5  2. c4  e6
 3. Nc3  Nf6  4. cxd5
 exd5  5. Bg5  Be7
 6. e3  c6  7. Qc2
 Nbd7 8. Bd3  h6  9. Bf4
 Nb6  10. Nge2  Nh5
 11. Be5  Bd6  12. h3
 Bxe5  13. dxe5  g5
 14. O-O-O  Qe7  15. f4
 Qc5  16. Qd2  Bd7
 17. f5  Ng7  18. Nd4
 O-O-O  19. g4  h5
 20. Kb1  Nc4  21. Bxc4
 dxc4  22. e6  fxe6
 23. f6  Ne8  24. Nxe6
 Qa5  25. Nxd8  Qxd8
 26. f7  Nc7  27. Rhf1
 Ne6  28. Qd6  Nf8
 29. e4  hxg4  30. hxg4
 Qb6  31. Qe5  1-0

[Event "TIPC 2013"]
[Site "Charleroi"]
[Date "2013.08.03"]
[Round "9.4"]
[White "Okhotnik, Vladimir"]
[Black "Van Houtte, Thierry"]
[Result "1-0"]
[LiveChessVersion "1.4-u16"]
[BlackElo "2174"]
[WhiteElo "2403"]

1. e4  Nf6  2. Nc3  d5
 3. e5  Nfd7  4. Nxd5
 Nxe5  5. Ne3  e6
 6. d4  Ng6  7. Nf3
 Be7  8. Bc4  c6 
9. O-O  O-O  10. Bb3  Nd7
 11. c4  e5  12. Bc2
 exd4  13. Nxd4  Bf6
 14. Rb1  Nde5  15. Ndf5
 Bxf5  16. Bxf5  Qxd1
 17. Rxd1  Rfd8  18. Bd2
 Nh4  19. Bc3  Nxf5
 20. Nxf5  Nxc4  21. Bxf6
 gxf6  22. h4  Kf8
 23. b3  Nd2  24. Rbc1
 Rd7  25. Re1  Rad8
 26. Rc3  Rd5  27. Ng3
 f5  28. f3  a5 
29. Nh5  a4  30. Nf6  R5d6
 31. Nxh7+  Kg7  32. Ng5
 axb3  33. axb3  Rd3
 34. Rc5  Nxb3  35. Rxf5
 R8d7  36. Re8  Nd4
 37. Rf4  b5  38. Kh2
 b4  39. Ne4  f5 
40. Nc5  Nc2  41. Nxd7  Rxd7
 42. Rc4  b3  43. Rb8
 Nd4  44. Rbb4  Re7
 45. Rxd4  c5  46. Rdc4
 cxb4  47. Rxb4  Re3
 48. Kg3  Rc3  49. Rb6
 Kh7  50. Kf4  Rc2
 51. g3  b2  52. Kxf5
 Rc5+  53. Kg4  Rc4+
 54. f4  Rc2  55. f5
 Rg2  56. Kf4  Rc2
 57. Kg5  Rd2  58. Rb7+
 Kg8  59. g4  Rc2
 60. Kg6  Kf8  61. f6
 1-0

[Event "TIPC 2013"]
[Site "Charleroi"]
[Date "2013.08.03"]
[Round "9.6"]
[White "Fontaine, Pierre"]
[Black "Le Quang, Kim"]
[Result "0-1"]
[LiveChessVersion "1.4-u16"]
[BlackElo "2242"]
[WhiteElo "2056"]

1. e4 c5 2. Nf3  d6  3. d4  cxd4
 4. Nxd4  Nf6  5. Nc3
 Nc6  6. f4  g6 
7. Be2  Bg7  8. Be3  O-O
 9. Nb3  Be6  10. g4
 Na5  11. h4  Rc8
 12. h5  Rxc3  13. bxc3
 Nxe4  14. Bd4  Nxc3
 15. Qd2  Nxb3  16. axb3
 Bxd4  17. Qxd4  Nxe2
 18. Kxe2  Bxg4+  19. Kd2
 e5  20. Qg1  Bf5
 21. Qxa7  Qc7  22. c3
 Rc8  23. Qe3  exf4
 24. Qd4  Qc5  25. Ra4
 g5  26. Rg1  h6 
27. Rc4  Qxd4+  28. Rxd4  Ra8
 29. Rxf4  Ra2+  30. Ke3
 Be6  31. Rb4  f5
 32. Rd1  f4+  33. Kd4
 f3  34. Ke3  g4 
35. Rxd6  Re2+  36. Kd3  Bf5+
 37. Kd4  Re4+  0-1

[Event "TIPC 2013"]
[Site "Charleroi"]
[Date "2013.08.03"]
[Round "9.8"]
[White "Sarrau, Jelle"]
[Black "Remy, Joël"]
[Result "1-0"]
[LiveChessVersion "1.4-u16"]
[BlackElo "2068"]
[WhiteElo "2309"]

1. d4  Nf6  2. c4  g6
 3. Nc3  Bg7  4. e4
 d6  5. f3  Nbd7 
6. Be3  c5  7. Nge2  a6
 8. Qd2  Qc7  9. Rc1
 Qa5  10. dxc5  Nxc5
 11. Nd4  Ne6  12. Nb3
 Qc7  13. Nd5  Qd8
 14. Be2  O-O  15. Bb6
 Qd7  16. O-O  Kh8
 17. Be3  Qd8  18. Rfd1
 Nd7  19. Rc2  Ndc5
 20. Nd4  Nxd4  21. Bxd4
 Bxd4+  22. Qxd4+  e5
 23. Qe3  Ne6  24. Rcd2
 Nd4  25. Rxd4  exd4
 26. Qxd4+  f6  27. Nb6
 Rb8  28. c5  Be6
 29. cxd6  Bxa2  30. f4
 Be6  31. Rc1  Rf7
 32. Bf3  Qf8  33. e5
 Qg7  34. Bd5  fxe5
 35. fxe5  Qh6  36. Re1
 Rf4  37. Qc3  g5
 38. Qb3  Bxd5  39. Nxd5
 Rh4  40. Qc3  Qe6
 41. Nc7  Qg4  42. e6+
 Kg8  43. e7 Qd4+ 44. Qxd4 Rxd4 1-0